| 000 | 00446nam a22001937a 4500 | ||
|---|---|---|---|
| 003 | MPLRDC | ||
| 005 | 20220104113948.0 | ||
| 008 | 210129b ||||| |||| 00| 0 eng d | ||
| 020 | _a962-257-148-4 | ||
| 082 | _a848.4 GH v.1 | ||
| 100 | _a古华著 | ||
| 245 |
_a芙蓉镇 _c |
||
| 250 | _a十二版 | ||
| 260 |
_a _b远流出版公司 _c1989 |
||
| 300 | _b平 | ||
| 490 | _a小说馆;2 | ||
| 650 | _a现代别集 | ||
| 942 |
_cBK _o848.4 GH v.1 |
||
| 999 |
_c3724 _d3714 |
||